Normal view
MARC view
- Architectural History
Entry Topical Term
001 - CONTROL NUMBER
- control field: 28461
003 - CONTROL NUMBER IDENTIFIER
- control field: OSt
005 - DATE AND TIME OF LATEST TRANSACTION
- control field: 20220803173315.0
008 - FIXED-LENGTH DATA ELEMENTS
- fixed length control field: 220803|| aca||aabn | a|a d
040 ## - CATALOGING SOURCE
- Original cataloging agency: OSt
- Transcribing agency: OSt
150 ## - HEADING--TOPICAL TERM
- Topical term or geographic name entry element: Architectural History
670 ## - SOURCE DATA FOUND
- Source citation: Work cat.: (OSt)18014: Irving R G 28460, Indian Summer : Lutyens Baker And Imperial Delhi, 1981